Language Translation Using PCCTS and C++(E-Book) (Record no. 191069)
[ view plain ]
| 000 -LEADER | |
|---|---|
| fixed length control field | 00743 a2200157 4500 |
| 003 - CONTROL NUMBER IDENTIFIER | |
| control field | Nust |
| 005 - DATE AND TIME OF LATEST TRANSACTION | |
| control field | 20170207154008.0 |
| 020 ## - INTERNATIONAL STANDARD BOOK NUMBER | |
| International Standard Book Number | 0-9627488-5-4 |
| 040 ## - CATALOGING SOURCE | |
| Transcribing agency | Nust |
| 100 ## - MAIN ENTRY--PERSONAL NAME | |
| Personal name | Terence John Parr MageLang Institute |
| 245 ## - TITLE STATEMENT | |
| Title | Language Translation Using PCCTS and C++(E-Book) |
| Remainder of title | A Reference Guide |
| Statement of responsibility, etc. | Terence John Parr MageLang Institute |
| 260 ## - PUBLICATION, DISTRIBUTION, ETC. | |
| Place of publication, distribution, etc. | United States of America |
| Name of publisher, distributor, etc. | Automata Publishing Company, San Jose, CA 95129 |
| Date of publication, distribution, etc. | 1993 |
| 300 ## - PHYSICAL DESCRIPTION | |
| Extent | vi.310,p |
| 505 ## - FORMATTED CONTENTS NOTE | |
| Formatted contents note | Introduction (Page-23) A Tutorial (Page-41) ANTLR Reference (Page-81) SORCERER Reference(Page-161) ANTLR Warning and Error Messages (Page-201) SORCERER Warning and Error Messages (Page-211) Templates and Quick Reference Guide (Page-217) History (Page-233) |
| 651 ## - SUBJECT ADDED ENTRY--GEOGRAPHIC NAME | |
| Geographic name | (E-Book) |
| 942 ## - ADDED ENTRY ELEMENTS (KOHA) | |
| Source of classification or shelving scheme | |
| Koha item type | Book |
| Withdrawn status | Lost status | Source of classification or shelving scheme | Damaged status | Not for loan | Collection code | Permanent Location | Current Location | Date acquired | Total Checkouts | Barcode | Date last seen | Price effective from | Koha item type |
|---|---|---|---|---|---|---|---|---|---|---|---|---|---|
| Military College of Signals (MCS) | Military College of Signals (MCS) | 12/12/2016 | MCSEB-407 | 12/08/2016 | 12/12/2016 | Book | |||||||
| Military College of Signals (MCS) | Military College of Signals (MCS) | 12/12/2016 | MCSEB-415 | 12/08/2016 | 12/12/2016 | Book |
